Segmentácia anomálií vo volumetrických medicínskych dátach

Guardado en:
Detalles Bibliográficos
Autor principal: Cáder, Matej (Autor)
Otros Autores: Tamajka, Martin (Orientador)
Formato: Manuscrito Libro
Lenguaje:eslovaco
Publicado: 2019
Materias:
Acceso en línea:http://is.stuba.sk/zp/portal_zp.pl?podrobnosti=122752
Etiquetas: Agregar Etiqueta
Sin Etiquetas, Sea el primero en etiquetar este registro!

MARC

LEADER 00000ntm a22000003a 4500
001 stuzp75100
003 SK-STU
005 20190716141106.7
007 ta
008 150427s2015----xo-----f-mn---000-0-slo-d
040 |a STU  |b slo 
041 0 |a slo 
044 |a xo 
100 1 |a Cáder, Matej  |u 070400  |4 aut  |U FIIT Fakulta informatiky a informačných technológií  |T FIIT Ústav počítačového inžinierstva a aplikovanej informatiky  |X 79492  |U I400  |Y 672  |7 79492 
242 0 1 |a Segmentation of anomalies in volumetric medical data  |y eng 
245 1 0 |a Segmentácia anomálií vo volumetrických medicínskych dátach 
260 |c 2019 
300 |e Neobsahuje CD-rom 
650 4 |a volumetrické medicínske dáta  |2 slo 
650 4 |a segmentácia obrazu  |2 slo 
650 4 |a tradičné segmentačné metódy  |2 slo 
650 4 |a medical imaging  |2 eng 
650 4 |a traditional segmentation methods  |2 eng 
650 4 |a image segmentation  |2 eng 
700 1 |a Tamajka, Martin  |u 070400  |k Z3  |4 ths  |U FIIT Fakulta informatiky a informačných technológií  |T FIIT Ústav počítačového inžinierstva a aplikovanej informatiky  |X 46174  |U I400  |Y 672  |7 46174 
856 4 |u http://is.stuba.sk/zp/portal_zp.pl?podrobnosti=122752 
996 |b I24KN20180293  |c I*BAP15/19  |l II680  |s P  |a 0  |w stuzp75100_0001